Right Prime Minister: a political biography of P.V. Narasimha Rao (Record no. 338972)

000 -LEADER
fixed length control field 00434cam a22001217a 4500
008 - FIXED-LENGTH DATA ELEMENTS--GENERAL INFORMATION
fixed length control field 180718b1993 xxu||||| |||| 00| 0 eng d
082 ## - DEWEY DECIMAL CLASSIFICATION NUMBER
Classification number A99 N164r Ad44
100 ## - MAIN ENTRY--PERSONAL NAME
Personal name Adiraju, Venkateswara Rao
245 ## - TITLE STATEMENT
Title Right Prime Minister: a political biography of P.V. Narasimha Rao
Statement of responsibility, etc. by Venkateswara Rao Adiraju
260 ## - PUBLICATION, DISTRIBUTION, ETC.
Place of publication, distribution, etc. Hyderabad
Name of publisher, distributor, etc. Satya Publication
Date of publication, distribution, etc. 1993
300 ## - PHYSICAL DESCRIPTION
Extent 270p.
650 ## - SUBJECT ADDED ENTRY--TOPICAL TERM
Topical term or geographic name entry element Narasimha Rao - P.V. - Criticism and interpretation
Holdings
Withdrawn status Lost status Damaged status Not for loan Permanent Location Current Location Date acquired Full call number Barcode Date last seen Price effective from Koha item type
        Indian Institute of Public Administration Indian Institute of Public Administration 1993-06-03 A99 N164r Ad44 66874 2018-07-21 2018-07-21 Book

Powered by Koha